Statistics for Biggest U.S. Cities With Exceptions

Click here to take the quiz!

General Stats

  • This quiz has been taken 38 times
  • The average score is 77 of 100

Answer Stats

PopulationAnswer% Correct
515,439Atlanta
97%
2,686,530Chicago
97%
434,309Minneapolis
97%
674,634Nashville
97%
662,202Oklahoma City
97%
1,633,020Phoenix
97%
765,115Seattle
97%
561,397Albuquerque
94%
584,537Baltimore
94%
898,902Charlotte
94%
305,603Cincinnati
94%
378,804Cleveland
94%
705,576Denver
94%
667,085Detroit
94%
881,808Indianapolis
94%
498,642Kansas City
94%
616,781Louisville
94%
651,042Memphis
94%
389,284New Orleans
94%
8,283,550New York City
94%
297,733St. Louis
94%
541,482Tucson
94%
709,951Washington D.C.
94%
694,053Boston
92%
464,871Colorado Springs
92%
197,369Columbus, GA
92%
906,237Columbus, OH
92%
659,410Las Vegas
92%
1,584,540Philadelphia
92%
300,002Pittsburgh
92%
658,645Portland
92%
200,699Salt Lake City
92%
212,480Des Moines
89%
197,958Little Rock
89%
261,506Madison
89%
588,939Milwaukee
89%
401,966Tulsa
89%
218,282Baton Rouge
86%
212,297Birmingham
86%
229,476Boise
86%
254,787Buffalo
86%
479,085Omaha
86%
478,824Raleigh
86%
168,225Springfield, MO
86%
309,232St. Paul
86%
450,099Virginia Beach
86%
293,531Anchorage
83%
291,274Lincoln
83%
231,651Richmond
83%
249,355Winston-Salem
83%
201,890Grand Rapids
81%
157,484Jackson
81%
261,056Reno
81%
205,386Rochester
81%
183,680Chattanooga
78%
343,183Honolulu
78%
187,844Knoxville
78%
499,720Mesa
78%
199,783Montgomery
78%
180,246Providence
78%
270,694Toledo
78%
273,344Fort Wayne
75%
260,299Jersey City
75%
282,270Newark
75%
224,830Spokane
75%
197,310Akron
72%
283,429Durham
72%
323,878Lexington
72%
190,432Mobile
72%
187,188Sioux Falls
72%
390,645Wichita
72%
369,111Aurora, CO
69%
196,315Aurora, IL
69%
298,902Greensboro
69%
241,899Norfolk
69%
176,084Salem
69%
330,860Henderson
67%
258,599North Las Vegas
67%
198,751Augusta
64%
174,543Eugene
64%
184,864Shreveport
64%
219,543Tacoma
64%
250,602Scottsdale
61%
185,301Worcester
58%
252,692Chandler
56%
247,813Glendale, AZ
56%
200,857Yonkers
56%
196,219Huntsville
50%
186,039Vancouver
50%
247,311Chesapeake
47%
212,566Fayetteville, NC
47%
165,609Fort Collins
47%
198,264Overland Park
47%
187,844Tempe
44%
179,927Newport News
42%
168,196Peoria, AZ
42%
159,916Clarksville
39%
159,787Alexandria
33%
243,254Gilbert
33%
172,522Cary
25%

Score Distribution

Percentile by Number Answered

Percent of People with Each Score

Your Score History

You have not taken this quiz